| 000 | 00782cam a22002174a 4500 | ||
|---|---|---|---|
| 005 | 20250605164216.0 | ||
| 008 | 250528s ||||||||||||||||||||||||d | ||
| 035 | _a20471 | ||
| 020 | _a333392698 | ||
| 040 |
_aGR-AtMCL _bgre _dGR-AtMCL _eAACR2 |
||
| 245 | 1 | _aHow to Begin Studying English Literature / How to Study Literature | |
| 250 | _a1st | ||
| 260 | _c1987 | ||
| 300 | _a104 | ||
| 520 | _aThis book gives practical help to students and explains a logical method for approaching novels, plays and themes. Finding a Theme, Looking at Characters, Structure, Style, Style and Imagery, Irony, Writing an Essay I, Writing an Essay II, Further Reading. | ||
| 700 | 1 |
_aMacmillan _9736 |
|
| 700 | 1 |
_aMarsh Nicholas _96454 |
|
| 942 | _cBK | ||
| 999 |
_c5575 _d5575 |
||